000 00945nam a2200181Ia 4500
999 _c9724
_d9724
005 20231012142346.0
008 231011s9999 xx 000 0 und d
040 _aUPAN
_cBiblioteca San Vicente
_eRCAA2
041 _aspa
082 _a336.39
_bM665
_c2009
110 _aMinisterio de Hacienda
_4aut.
245 0 _aManual Técnico del Sistema de Administración Financiera Integrado/
_cMinisterio de Hacienda
260 _aEl Salvador:
_bMinisterio de Hacienda,
_c2009
300 _a130 p.;
_c28 cm.
505 _aI. Introducciòn, II. Objetivo, III. Ambito de aplicaciòn, IV. Aspectos generales, V. Subsistemas de presupuesto, VI. Subsistemas de tesoreria, VII. SUbsistema de inversiòn y crèdito pùblico, VIII. Subsistema de contabilidad gubernamental, IX. Relaciòn integrada entre el clasificador presupuestario y el catalogo contable, X. Identificaciones y codificaciones generales
650 _2LEMB
_vManual
_xFinanzas
942 _cBK
_2ddc